00545nam a2200205 a 4500001001300000003000900013005001700022008004100039020001000080082001900090100002500109245004700134260004000181300000900221500003500230505001000265650001600275650002300291700002500314nice12345678IN_TiNIC20260116012309.0050524s1985 jaia grp 000 0 eng  ac19000a297.1977bENG4 aEngineer, Asghar Ali aIslam and Muslimb a Critical Re-Assesment aJaipurbPrintwell Publishers c1985 a334p aincludes index and biblioraphy2 aIndex aIslam-India aIslam and Politics1 aEngineer, Asghar Ali